• 首页
  • 本馆介绍
  • 公告通知
  • 最新文献
  • 馆藏检索
  • 电子资源
  • 读者导购
  • 参考咨询
  • 我的图书馆
  • 登录
  • 详细信息显示
  • 放入我的书架
  • 预约/预借图书
  • 作者相关作品
  • 分类相关作品
  • 丛书相关作品
  • 出版社相关作品

书目信息

  • 表格格式
  • 工作单格式
  • 卡片格式
题名:
和声理论与和声分析应用
    
 
作者: 黄纯懿 著
分册:  
出版信息: 北京   中国纺织出版社  2019
页数: 200页
开本: 23cm
丛书名:
单 册:
中图分类: J614.1
科图分类:
主题词: 和声学--he sheng xue
电子资源:
ISBN: 978-7-5180-4733-8
000 00998nam0 2200253 450
001 012001006675
005 20140101131850.0
010    @a978-7-5180-4733-8@dCNY62.00
099    @aCAL 012018191896
100    @a20181212d2019 em y0chiy50 ea
101 0  @achi
102    @aCN@b110000
105    @ag a 000yy
106    @ar
200 1  @a和声理论与和声分析应用@Ahe sheng li lun yu he sheng fen xi ying yong@f黄纯懿著
210    @a北京@c中国纺织出版社@d2019
215    @a200页@d23cm
320    @a有书目 (第199-200页)
330    @a本书的主要内容共分为和声的理论知识与和声的分析应用两大部分,具体来看主要包括:和声的功能、和弦的编配(三和弦、七和弦、终止和弦、经过和弦、辅助和弦以及重属、副属和弦等)、和声音型的类别、和声的基本进行方式、调关系、调式和弦的运用、和声分析的方法、不同形式转调的分析以及四部和声的写作等。
606 0  @a和声学@Ahe sheng xue
690    @aJ614.1@v5
701  0 @a黄纯懿@Ahuang chun yi@4著
801  0 @aCN@b上海新华@c20191020
905    @b1132052-5@dJ614.1@e1043@f4
    
    和声理论与和声分析应用/黄纯懿著.-北京:中国纺织出版社,2019
    200页;23cm
    
    
    ISBN 978-7-5180-4733-8:CNY62.00
    本书的主要内容共分为和声的理论知识与和声的分析应用两大部分,具体来看主要包括:和声的功能、和弦的编配(三和弦、七和弦、终止和弦、经过和弦、辅助和弦以及重属、副属和弦等)、和声音型的类别、和声的基本进行方式、调关系、调式和弦的运用、和声分析的方法、不同形式转调的分析以及四部和声的写作等。
●
相关链接 在E读中查询图书 在五车中查询图书 在当当中查询图书 在豆瓣中查询图书


正题名:和声理论与和声分析应用     索取号:J614.1/1043         预约/预借

序号 登录号 条形码 馆藏地/架位号 状态 备注
1 1132052   211320523   第一样本阅览室/ [索取号:J614.1/1043] 在馆    
2 1132053   211320532   第一借阅区/ [索取号:J614.1/1043] 在馆    
3 1132054   211320541   第一借阅区/ [索取号:J614.1/1043] 在馆    
4 1132055   211320550   第一借阅区/ [索取号:J614.1/1043] 在馆    
唐山师范学院图书馆 欢迎您!
大连网信软件有限公司© 版权所有